000 00766cam a2200241 a 4500
001 000003631
005 20200929150517.0
008 750604s1955 sp 001 f spa
040 _aDO-SdBNP
_bspa
_cBNPHU
082 _a813.54
_bG738i
100 1 _aGraham, Alice Walworth.
_911147
240 1 0 _aIndigo Bend.
_lEspañol.
245 1 0 _aIndigo Bend :
_bnovela /
_cAlice Walworth Graham; traducción de Manuel Torrente.
260 _aBarcelona :
_bPlaneta,
_c1955.
300 _a411 p. ;
_c22 cm.
490 1 _aGoliat
534 _aTítulo Original:
_tIndigo Bend
650 4 _aNovela estadounidense
_9262
650 4 _aLiteratura estadounidense
_9263
700 1 _aTorrente, Manuel.
_etr.
_911148
830 0 _aGoliat.
_94949
910 _aCatalogación original noche
999 _c3454
_d3454